000
00222nam a22001217a 4500
040
_c
SK
082
_a
611
100
_a
THONG SOKHEAN
245
_a
HUMAN ANATOMY
260
_a
NA
_b
THO
_c
2004
300
_a
14p.
942
_c
EK
999
_c
8814
_d
8814